000 00796nam a2200253 a 4500
001 BRCA_6875
005 20190320205626.0
008 111111s1944----mx-#######---#000-0#spa-#
041 _aspa
044 _amx
050 4 _aHC106.4
_b.N38 1944
100 1 _aNathan, Robert R.
_917126
245 1 0 _aCamino de la abundancia
_cintroducción de Víctor L. Urquidi ; versión española de Rodolfo Selke
260 _aMéxico
_bFCE
_c1944
300 _a295 p.
_c20 cm.
440 0 _aManuales Introductorios
_pSección de obras de Economía
_vII
_917127
500 _aO67
650 1 4 _aFinanzas
_zEstados Unidos
_96161
651 4 _aEstados Unidos
_xPolítica económica
_96162
700 1 _aUrquidi, Víctor
_ecoaut.
_917128
700 1 _aSelke, Rodolfo
_etr.
_917129
902 _aGFM
942 _2lcc
_cB
999 _c6557
_d6557